| 000 | 012810000a22002170004500 | ||
|---|---|---|---|
| 020 |
_a84-8169-156-9 : _69.000 |
||
| 082 | 0 | 4 | _aG 270.1 A2841m |
| 100 | 1 | _aAguirre Monasterio , Rafael (1941-) | |
| 245 | 1 | 0 | _aDel movimiento de Jesús a la iglesia cristiana : ensayo de exégesis sociológica del cristianismo primitivo / Rafael Aguirre |
| 250 | _a2 | ||
| 260 | _aEstella, Navarra : Verbo Divino | ||
| 300 | _a225 p. | ||
| 440 | 0 | _aCol. Ágora ; no. 4 | |
| 505 | 0 | 0 | _aEnsayo de exégesis sociológica del cristianismo primitivo -- Sociología del movimiento de Jesús -- El Dios de Jesús y la realidad social de su pueblo -- La casa como estructura base del cristianismo primitivo: las iglesias domésticas. -- La evolución de la iglesia primitiva a la luz de los códigos domésticos: entre la encarnación y la mundanización -- Situación social del cristianismo primitivo -- La mujer en el cristianismo primitivo. |
| 650 | 1 | 4 | _aIGLESIA - HISTORIA - PERIODO PRIMITIVO, 30-600 \ SOCIOLOGIA CRISTIANA \ CRISTIANISMO Y CULTURA \ CRISTIANISMO Y ECONOMIA \ CRISTIANISMO Y POLITICA \ INSTITUCIONES RELIGIOSAS Y ECLESIASTICAS |
| 001 | 3136 | ||
| 942 | _cBK | ||
| 999 |
_c33840 _d33840 |
||
| 336 |
_atexto _btxt _2rdacontent |
||
| 337 |
_2rdamedia _asin mediación _bn |
||
| 338 |
_2rdacarrier _avolumen _bnc |
||